[Event "Velez op 10th"]
[Site "Velez Santander"]
[Date "2023.11.04"]
[Round "8"]
[White "Cordero Gonzalez, Victor William"]
[Black "Durango Quintero, Julio Cesar"]
[Result "0-1"]
[WhiteElo "1559"]
[BlackElo "1334"]
[PlyCount "48"]
[EventDate "2023.11.01"]
[EventType "swiss"]
[EventRounds "10"]
[EventCountry "COL"]
[SourceTitle "CBM 217 Extra"]
[Source "ChessBase"]
[SourceDate "2024.01.31"]
[SourceVersion "1"]
[SourceVersionDate "2024.01.31"]
[SourceQuality "1"]

1. e4 e5 2. Nf3 Nc6 3. Bc4 h6 4. 0-0 Nf6 5. d3 d6 6. c3 Be7 7. Nbd2 0-0 8. b4 d5 9. exd5 Nxd5 10. Qb3 Nf4 11. Qc2 Bf5 12. Ne4 Qd7 13. Bb5 Nxg2 14. Bxc6 bxc6 15. Nxe5 Qe6 16. f4 Bh3 17. Rf2 Nh4 18. Bb2 f6 19. c4 fxe5 20. Bxe5 Qg4+ 21. Ng3 Nf3+ 22. Kh1 Bxb4 23. Qe2 Nxe5 24. Qxg4 Nxg4 0-1

[Event "Bogota Navidad op"]
[Site "Bogota"]
[Date "2019.12.08"]
[Round "6"]
[White "Cordero Gonzalez, Victor William"]
[Black "Mena Cordoba, Yamil Octavio"]
[Result "0-1"]
[WhiteElo "1620"]
[BlackElo "1967"]
[PlyCount "76"]
[EventDate "2019.12.05"]
[EventType "swiss"]
[EventRounds "7"]
[EventCountry "COL"]
[SourceTitle "CBM 193 Extra"]
[Source "ChessBase"]
[SourceDate "2020.01.31"]
[SourceVersion "1"]
[SourceVersionDate "2020.01.31"]
[SourceQuality "1"]

1. e4 e5 2. Nf3 Nc6 3. Bb5 a6 4. Ba4 b5 5. Bb3 Be7 6. c3 Nf6 7. d3 0-0 8. 0-0 d6 9. Re1 Na5 10. Bc2 c5 11. Nbd2 Ne8 12. Nf1 f5 13. exf5 Bxf5 14. h3 c4 15. d4 Bxc2 16. Qxc2 exd4 17. Nxd4 Nc7 18. Be3 Bg5 19. Rad1 Bxe3 20. Nxe3 Qd7 21. Nef5 Rae8 22. Ne3 Nb7 23. Nf3 Nc5 24. Ng5 Nd3 25. Rf1 h6 26. Nf3 Ne6 27. b3 Rxf3 28. gxf3 Nef4 29. Ng4 h5 30. Rxd3 cxd3 31. Qd2 Ne2+ 32. Kh2 hxg4 33. hxg4 Qe7 34. Rh1 Qe5+ 35. Kg2 Nf4+ 36. Kf1 Qe2+ 37. Qxe2 dxe2+ 38. Ke1 Ng2+ 0-1

[Event "Uniagraria AlphaZero op 2nd"]
[Site "Uniagraria"]
[Date "2019.11.11"]
[Round "7"]
[White "Cordero Gonzalez, Victor William"]
[Black "Reyes, Riscanevo"]
[Result "0-1"]
[WhiteElo "1620"]
[BlackElo "1769"]
[PlyCount "39"]
[EventDate "2019.11.08"]
[EventType "swiss"]
[EventRounds "7"]
[EventCountry "COL"]
[SourceTitle "CBM 193 Extra"]
[Source "ChessBase"]
[SourceDate "2020.01.31"]
[SourceVersion "1"]
[SourceVersionDate "2020.01.31"]
[SourceQuality "1"]

1. Na3 a6 2. h4 d6 3. h5 h6 4. c3 Nf6 5. d3 Nc6 6. f4 e6 7. Nh3 Be7 8. Nf2 b5 9. Nc2 a5 10. Bd2 0-0 11. Ne3 b4 12. g4 Nh7 13. f5 Ng5 14. Nh3 Bf6 15. Qc2 a4 16. Nxg5 bxc3 17. bxc3 exf5 18. gxf5 Be5 19. Nd5 Kh8 20. Rd1 0-1

[Event "Uniagraria AlphaZero op 2nd"]
[Site "Uniagraria"]
[Date "2019.11.11"]
[Round "6"]
[White "Correa, Flavio"]
[Black "Cordero Gonzalez, Victor William"]
[Result "1/2-1/2"]
[WhiteElo "1776"]
[BlackElo "1620"]
[PlyCount "94"]
[EventDate "2019.11.08"]
[EventType "swiss"]
[EventRounds "7"]
[EventCountry "COL"]
[SourceTitle "CBM 193 Extra"]
[Source "ChessBase"]
[SourceDate "2020.01.31"]
[SourceVersion "1"]
[SourceVersionDate "2020.01.31"]
[SourceQuality "1"]

1. d4 d5 2. Nf3 Nf6 3. h3 Nbd7 4. Bf4 e6 5. e3 a5 6. Be2 b6 7. 0-0 Ba6 8. Nc3 Bxe2 9. Qxe2 Bd6 10. Ne5 0-0 11. Nb5 Ne8 12. c4 Nxe5 13. dxe5 Bc5 14. Rfd1 c6 15. cxd5 cxd5 16. Rac1 Kh8 17. Qg4 Qd7 18. Nc3 Nc7 19. Ne4 Na6 20. h4 Qa4 21. Nc3 Qe8 22. h5 Be7 23. h6 gxh6 24. Bxh6 Rg8 25. Qh3 Nc5 26. f3 Nd7 27. Bf4 Nf8 28. Kf2 Bg5 29. Ne2 Qe7 30. Rh1 Qb4 31. Rc7 Bxf4 32. Nxf4 Qxb2+ 33. Ne2 Rg7 34. Qh5 Ng6 35. f4 d4 36. Kf3 dxe3 37. Qg5 Qxa2 38. Rd1 Rag8 39. Qf6 Qa4 40. Rd8 Nxe5+ 41. fxe5 Qg4+ 42. Kxe3 Qg5+ 43. Qxg5 Rxg5 44. Rxg8+ Kxg8 45. Nc3 Rxe5+ 46. Kd2 Rg5 47. Ke3 Rxg2 1/2-1/2

[Event "COL-ch"]
[Site "Bogota"]
[Date "2018.11.07"]
[Round "3"]
[White "Tello, Nicolas Eduardo"]
[Black "Cordero Gonzalez, Victor William"]
[Result "1/2-1/2"]
[WhiteElo "1317"]
[BlackElo "1659"]
[PlyCount "32"]
[EventDate "2018.11.06"]
[EventType "swiss"]
[EventRounds "9"]
[EventCountry "COL"]
[SourceTitle "CBM 187 Extra"]
[Source "ChessBase"]
[SourceDate "2018.11.04"]
[SourceVersion "1"]
[SourceVersionDate "2018.11.04"]
[SourceQuality "1"]

1. e4 e5 2. Nf3 Nc6 3. Bc4 Bc5 4. d3 Nf6 5. Bg5 d6 6. Nc3 Bb4 7. 0-0 Bxc3 8. bxc3 0-0 9. h3 Be6 10. Bb3 h6 11. Bh4 g5 12. Bg3 Ne7 13. Re1 Ng6 14. Bh2 Kh7 15. Bxe6 fxe6 16. d4 Rg8 1/2-1/2

[Event "Bogota AlphaZero op"]
[Site "Bogota"]
[Date "2018.08.19"]
[Round "4"]
[White "Cordero Gonzalez, Victor William"]
[Black "Velasquez, Joan Sebastian"]
[Result "1-0"]
[WhiteElo "1659"]
[BlackElo "1464"]
[PlyCount "51"]
[EventDate "2018.08.17"]
[EventType "swiss"]
[EventRounds "7"]
[EventCountry "COL"]
[SourceTitle "CBM 186 Extra"]
[Source "ChessBase"]
[SourceDate "2018.08.24"]
[SourceVersion "1"]
[SourceVersionDate "2018.08.24"]
[SourceQuality "1"]

1. e4 c5 2. Nf3 d6 3. c3 Nf6 4. Be2 g6 5. 0-0 Bg7 6. Re1 0-0 7. Bc4 e6 8. d4 cxd4 9. cxd4 d5 10. exd5 Nxd5 11. Nc3 Nxc3 12. bxc3 Nc6 13. Bg5 Qc7 14. Qd2 Nxd4 15. cxd4 Qxc4 16. Rac1 Qd5 17. Bh6 b6 18. Bxg7 Kxg7 19. Re5 Qd6 20. Rh5 gxh5 21. Qg5+ Kh8 22. Qf6+ Kg8 23. Ng5 Qd8 24. Qh6 Re8 25. Qxh7+ Kf8 26. Qxf7# 1-0

[Event "Bogota AlphaZero op"]
[Site "Bogota"]
[Date "2018.08.19"]
[Round "5"]
[White "Estrella Becerra, Fernando"]
[Black "Cordero Gonzalez, Victor William"]
[Result "1-0"]
[WhiteElo "1928"]
[BlackElo "1659"]
[PlyCount "85"]
[EventDate "2018.08.17"]
[EventType "swiss"]
[EventRounds "7"]
[EventCountry "COL"]
[SourceTitle "CBM 186 Extra"]
[Source "ChessBase"]
[SourceDate "2018.08.24"]
[SourceVersion "1"]
[SourceVersionDate "2018.08.24"]
[SourceQuality "1"]

1. c4 Nf6 2. Nc3 e6 3. g3 Bb4 4. Bg2 Nc6 5. d4 d5 6. Bg5 dxc4 7. Bxf6 Qxf6 8. Bxc6+ bxc6 9. Qa4 Bxc3+ 10. bxc3 Bd7 11. Qxc4 0-0 12. Nf3 Qf5 13. Ne5 Rab8 14. Nxd7 Rb1+ 15. Kd2 Rb2+ 16. Ke3 Rd8 17. Ne5 c5 18. Qd3 f6 19. Qxf5 exf5 20. Nc4 cxd4+ 21. cxd4 Re8+ 22. Kd3 Rbxe2 23. Rhf1 R2e6 24. Rab1 Rd8 25. Rb5 Re4 26. Rc5 Rexd4+ 27. Kc3 Rd3+ 28. Kc2 R3d7 29. Rxf5 Re7 30. Ne3 Rd6 31. Rc5 Ra6 32. Kb2 c6 33. Rc3 Rd7 34. Rd1 Rb7+ 35. Rb3 Rab6 36. Rxb6 axb6 37. Rd6 Rc7 38. Nc4 b5 39. Na5 c5 40. Nb3 b4 41. Nc1 Kf7 42. Nd3 Ke7 43. Rd5 1-0

[Event "COL-ch U1800"]
[Site "Moniquira"]
[Date "2018.07.20"]
[Round "3"]
[White "Cordero Gonzalez, Victor William"]
[Black "Moreno Marino, Juan Nicolas"]
[Result "1-0"]
[WhiteElo "1627"]
[BlackElo "1546"]
[PlyCount "47"]
[EventDate "2018.07.19"]
[EventType "swiss"]
[EventRounds "7"]
[EventCountry "COL"]
[SourceTitle "CBM 187 Extra"]
[Source "ChessBase"]
[SourceDate "2018.11.04"]
[SourceVersion "1"]
[SourceVersionDate "2018.11.04"]
[SourceQuality "1"]

1. e4 d6 2. Nf3 g6 3. Bc4 Bg7 4. c3 Nf6 5. d3 Nc6 6. Bb3 0-0 7. 0-0 h6 8. Nbd2 e5 9. Re1 Kh7 10. Nf1 Ng8 11. Ng3 f5 12. exf5 gxf5 13. Bc2 Kh8 14. h3 Qe8 15. d4 e4 16. Nh4 d5 17. f3 f4 18. fxe4 fxg3 19. exd5 Nce7 20. Ng6+ Qxg6 21. Bxg6 Nxg6 22. Qd3 Nh4 23. Qxg3 Nf5 24. Qxc7 1-0

[Event "COL-ch U1800"]
[Site "Moniquira"]
[Date "2018.07.19"]
[Round "1"]
[White "Cordero Gonzalez, Victor William"]
[Black "Bernal Parra, Eliana Valentina"]
[Result "1-0"]
[WhiteElo "1627"]
[BlackElo "1270"]
[PlyCount "54"]
[EventDate "2018.07.19"]
[EventType "swiss"]
[EventRounds "7"]
[EventCountry "COL"]
[SourceTitle "CBM 187 Extra"]
[Source "ChessBase"]
[SourceDate "2018.11.04"]
[SourceVersion "1"]
[SourceVersionDate "2018.11.04"]
[SourceQuality "1"]

1. e4 c5 2. Nf3 Nc6 3. c3 e6 4. Be2 Be7 5. d3 Qc7 6. Nbd2 Nf6 7. Nf1 d5 8. Ng3 0-0 9. 0-0 b6 10. Nd2 Bb7 11. f4 dxe4 12. Ndxe4 Rfd8 13. Qc2 Nd5 14. a3 Nf6 15. Nh5 Nxh5 16. Bxh5 g6 17. Bf3 Kg7 18. Bd2 Ba6 19. Be2 Qd7 20. Nf2 e5 21. Rad1 Bf6 22. Bc1 Qe7 23. Ng4 Kf8 24. f5 Bg5 25. f6 Qe6 26. Bxg5 Rd7 27. Nf2 Rdd8 1-0